000 00387nam a2200169Ia 4500
100 _aBalakrishnan/V.K
650 _aGraph theory
942 _cBK
366 _f25
654 _agraph theory
245 _aCombinatorics including concepts of Graph theory
260 _bTata McGraw Hil
_c1995
082 _a510
_bBAL
300 _a200
546 _aENGLISH
_cproduction
999 _c31411
_d31411